000 00689nam a2200289Ia 4500
005 20260324112521.0
008 008 260324s9999 xx 000 0 eng d
020 _a9781032646350
037 _aEBOOK
040 _aCRL
040 _beng
040 _cCRL
041 _2eng
041 _aeng
084 _qCRL
100 _aAnne M. Wordsworth
_91143024
245 0 _aLaw, Animals and Toxicity Testing
245 4 _bThe Case of the Laboratory Mouse
260 _bTaylor and Francis
260 _c2024
365 _a
365 _b240
856 _uhttp://www.taylorfrancis.com/books/9781032646350
942 _cEBOOK
999 _c1732263
_d1732263